Online
Catalog

Desarrollo humano : (Record no. 39769)

MARC details
000 -CABECERA
campo de control de longitud fija 00551nam a2200157 a 4500
001 - NÚMERO DE CONTROL
campo de control 000040279
005 - FECHA Y HORA DE LA ÚLTIMA TRANSACCIÓN
campo de control 20201002034029.0
008 - DATOS DE LONGITUD FIJA--INFORMACIÓN GENERAL
campo de control de longitud fija 130821s1990 ck d 000 0 spa d
040 ## - FUENTE DE LA CATALOGACIÓN
Centro catalogador/agencia de origen DO-SdBNP
Lengua de catalogación spa
Centro/agencia transcriptor BNPHU
082 ## - NÚMERO DE LA CLASIFICACIÓN DECIMAL DEWEY
Número de clasificación xxx
245 00 - MENCIÓN DE TÍTULO
Título Desarrollo humano :
Resto del título Informe 1990 /
Mención de responsabilidad, etc. prólogo Augusto Ramírez Ocampo; traducción Angela García.
260 ## - PUBLICACIÓN, DISTRIBUCIÓN, ETC.
Lugar de publicación, distribución, etc. Bogotá, Colombia :
Nombre del editor, distribuidor, etc. Tercer Mundo editores,
-- PNUD,
Fecha de publicación, distribución, etc. 1990.
300 ## - DESCRIPCIÓN FÍSICA
Extensión 280 p. :
Otras características físicas diagrs. ;
Dimensiones 23 cm.
700 1# - PUNTO DE ACCESO ADICIONAL--NOMBRE DE PERSONA
Nombre de persona Ramírez Ocampo, Augusto,
Término indicativo de función/relación pról.
9 (RLIN) 66552
700 1# - PUNTO DE ACCESO ADICIONAL--NOMBRE DE PERSONA
Nombre de persona García, Angela,
Término indicativo de función/relación tr.
9 (RLIN) 64646
Holdings
Estado de retiro Estado de pérdida Restricciones de uso No para préstamo Código de colección Localización permanente Ubicación/localización actual Ubicación en estantería Fecha de adquisición Número de inventario Total de préstamos Signatura topográfica completa Código de barras Fecha visto por última vez Precio válido a partir de Tipo de ítem Koha
        Monografías: Libros y Folletos General General Orden iniciada 21.08.2013 LF1   xxx 40279-10 25.06.2020 25.06.2020 No se presta

Powered by Koha